00830nam a22002657a 4500003000500000005001700005008004100022010001000063011001000073035001000083040000900093082001700102100001800119245004900137260006300186300001100249490006800260504002800328650002400356650002500380650003500405650002300440650003300463830006800496CHAP20220817043334.0971013s1976 r 00010 d a72515 a73487 a83044 cCHAP a636.085bA5400aAitken, F. C. aSodium and potassium in nutrition of mammals aBucks, England :bCommonwealth Agricultural Bureaux,c1976 a296 p. aCommonwealth Bureau of Nutrition. Technical communicationv; 26 aBibliografía, 201-29614aNutrición animal.14aPotasio en animales.14aPotasio en nutrición animal.14aSodio en animales.14aSodio en nutrición animal.0 aCommonwealth Bureau of Nutrition. Technical communicationv; 26